Normas sobre sistemas de gestión preventiva de riesgos laborales
שמור ב:
| Autores Corporativos: | , |
|---|---|
| פורמט: | ספר |
| שפה: | Spanish |
| יצא לאור: |
San José, C.R. : INS
2000
|
| נושאים: | |
| תגים: |
הוספת תג
אין תגיות, היה/י הראשונ/ה לתייג את הרשומה!
|
MARC
| LEADER | 00000nam a2200000Ia 4500 | ||
|---|---|---|---|
| 003 | 000031 | ||
| 005 | 20221231144017.0 | ||
| 008 | 140114s2000 cr a 000 ||spa d | ||
| 040 | |c cru CEDI | ||
| 082 | |a 363.116.209.728.6 N851n | ||
| 110 | |9 18780 |a Instituto de Normas Técnicas de Costa Rica | ||
| 245 | |a Normas sobre sistemas de gestión preventiva de riesgos laborales | ||
| 260 | |a San José, C.R. : INS |c 2000 | ||
| 300 | |a ix, 154 páginas : ilustraciones | ||
| 500 | |a "2000 Año Nacional de la Salud Ocupacional" | ||
| 650 | |x SEGURIDAD INDUSTRIAL |x NORMAS |x COSTA RICA |x SALUD OCUPACIONAL |9 20446 | ||
| 710 | |9 20445 |a Instituto Nacional de Seguros (Costa Rica) | ||
| 942 | |2 ddc |c BK | ||
| 999 | |c 15587 |d 15587 | ||
